SAARC vision beyond the year 2000: report of the SAARC group eminent persons (Record no. 390475)

000 -LEADER
fixed length control field 00385cam a22001217a 4500
008 - FIXED-LENGTH DATA ELEMENTS--GENERAL INFORMATION
fixed length control field 180718b1999 xxu||||| |||| 00| 0 eng d
020 ## - INTERNATIONAL STANDARD BOOK NUMBER
International Standard Book Number 8175410434
082 ## - DEWEY DECIMAL CLASSIFICATION NUMBER
Classification number Dx5 Sa12
245 ## - TITLE STATEMENT
Title SAARC vision beyond the year 2000: report of the SAARC group eminent persons
260 ## - PUBLICATION, DISTRIBUTION, ETC.
Place of publication, distribution, etc. Delhi
Name of publisher, distributor, etc. Shipra
Date of publication, distribution, etc. 1999
300 ## - PHYSICAL DESCRIPTION
Extent 112p.
650 ## - SUBJECT ADDED ENTRY--TOPICAL TERM
Topical term or geographic name entry element South Asian Association for Regional Cooperation (SAARC)
Holdings
Withdrawn status Lost status Damaged status Not for loan Permanent Location Current Location Date acquired Full call number Barcode Date last seen Price effective from Koha item type
        Indian Institute of Public Administration Indian Institute of Public Administration 1999-10-26 Dx5 Sa12 74640 2018-07-21 2018-07-21 Book

Powered by Koha